| 000 | 00812cab a22002295a 4500 | ||
|---|---|---|---|
| 001 | L152030 | ||
| 008 | 110126e20110122xxk 000 0 eng d | ||
| 035 | _a(Sirsi) u152030 | ||
| 041 | 0 | _aeng | |
| 100 | 1 | _aThame, David | |
| 245 | 0 | 0 |
_aFocus _bHertfordshire _h[electronic resource] |
| 260 | _c2011 | ||
| 490 |
_aEstates Gazette _v(1103) 22 January 2011, 63-73(9) |
||
| 520 | _aOverview of office and industrial take up, supply and demand and rents across Hertfordshire in 2010 focusing on Bishop's Stortford and Watford. Outlines role of Hertfordshire Local Enterprise Partnership (LEP). | ||
| 590 | _aKA | ||
| 651 | 4 | _aHertfordshire | |
| 690 | _aPROPERTY-COMMERCIAL PROPERTY-COMMERCIAL PROPERTY MARKET | ||
| 700 | 1 | _aNorman, Paul | |
| 700 | 1 | _aDay, Karen | |
| 700 | 1 | _aMeadwell, Stacey | |
| 942 | _n0 | ||
| 999 |
_c82885 _d82885 |
||